| 000 | 00644nam a2200205Ia 4500 | ||
|---|---|---|---|
| 008 | 240729s9999 xx 000 0 und d | ||
| 022 | _a2405-5794 | ||
| 245 | 0 | _aJournal of Clinical Tuberculosis and Other Mycobacterial Diseases | |
| 260 | _aUnited Kingdom | ||
| 260 | _bElsevier | ||
| 650 | _a Diseases of the respiratory system | Medicine | ||
| 650 | _a Infectious and parasitic diseases | ||
| 650 | _a Internal medicine | ||
| 650 | _a Internal medicine | ||
| 650 | _a Specialties of internal medicine | ||
| 650 | _aMedicine | ||
| 856 | _uhttps://doaj.org/toc/8160044169fd4317b08772f4cab1f374 | ||
| 942 | _2ddc | ||
| 942 | _cDOAJEJ | ||
| 999 |
_c70366 _d70366 |
||
| 945 |
_a1 _bMadushi Gamage _c1 _dMadushi Gamage |
||